LEADER 01176nam a2200325 i 4500 001 991001159999707536 005 20020507184337.0 008 940205s1984 us ||| | eng 020 $a0136049591 035 $ab1080903x-39ule_inst 035 $aLE01307981$9ExL 040 $aDip.to Matematica$beng 082 0 $a621.38042 084 $aAMS 68M99 084 $aCR C.3 100 1 $aDudgeon, Dan E.$027822 245 10$aMultidimensional digital signal processing /$cDan E. Dudgeon, Russell M. Mersereau 260 $aEnglewood Cliffs, NJ :$bPrentice-Hall,$cc1984 300 $axv, 400 p. :$bill. ;$c25 cm. 490 0 $aPrentice-Hall signal processing series 500 $aIncludes bibliographical references and index. 650 4$aDigital techniques 650 4$aSignal processing 700 1 $aMersereau, Russell M. 907 $a.b1080903x$b23-02-17$c28-06-02 912 $a991001159999707536 945 $aLE013 68M DUD11 (1984)$g1$i2013000038735$lle013$o-$pE0.00$q-$rl$s- $t0$u0$v0$w0$x0$y.i10914249$z28-06-02 996 $aMultidimensional digital signal processing$9925030 997 $aUNISALENTO 998 $ale013$b01-01-94$cm$da $e-$feng$gus $h0$i1 LEADER 01093nam a2200265 i 4500 001 991002018959707536 005 20020503160300.0 008 950607s1937 us ||| | eng 035 $ab10305282-39ule_inst 035 $aEXGIL96170$9ExL 040 $aBiblioteca Interfacoltà$bita 100 1 $aThompson, Homer A.$0167122 245 10$aBuildings on the west side of the agora /$cby Homer A. Thompson 260 $aAthens :$bAmerican school of classical studies at Athens,$c1937 300 $a226 p., 5 c. di tav. ripieg. ;$c29 cm. 440 4$aThe american excavations in the athenian agora. Report ;$v11 500 $aTit. dalla cop. - Corrisponde al v. 6,1 (1937) di "Hesperia". 650 4$aScavi archeologici - Atene 651 4$aAtene - Agorà 907 $a.b10305282$b02-04-14$c27-06-02 912 $a991002018959707536 945 $aLE002 Fondo Brown 766$g1$iLE002-18383N$lle002$o-$pE0.00$q-$rn$so $t0$u0$v0$w0$x0$y.i10360682$z27-06-02 996 $aBuildings on the west side of the agora$9201947 997 $aUNISALENTO 998 $ale002$b01-01-95$cm$da $e-$feng$gus $h0$i1